000
00306nam a2200121Ia 4500
008
220216s9999 xx 000 0 und d
100
_a
Raj S
245
0
_a
Solar radiation and its effects on heating
260
_b
Rubber Board Bulletin
_c
2006
300
_a
33-34
650
_a
Solar radiation
942
_c
BS
999
_c
51182
_d
51182